[Event "Regionalliga NO 1213"]
[Site "Bayern"]
[Date "2013.02.03"]
[Round "6.7"]
[White "Dotzauer, Ernst"]
[Black "Hein, Manfred"]
[Result "0-1"]
[WhiteElo "1816"]
[BlackElo "1956"]
[PlyCount "132"]
[EventDate "2012.10.14"]
[EventType "team-tourn"]
[EventRounds "9"]
[EventCountry "GER"]
[SourceTitle "EXT 2015"]
[Source "ChessBase"]
[SourceDate "2014.11.20"]
[SourceVersion "1"]
[SourceVersionDate "2014.11.20"]
[SourceQuality "1"]
[WhiteTeam "Schwandorf"]
[BlackTeam "Gunzenhausen"]
[WhiteTeamCountry "GER"]
[BlackTeamCountry "GER"]

1. d4 d5 2. Nf3 c6 3. c3 Nf6 4. Bf4 Nbd7 5. e3 Nh5 6. Bg3 Qb6 7. Qc2 Nxg3 8. hxg3 Nf6 9. Bd3 g6 10. Nbd2 Bg7 11. 0-0 0-0 12. Rfe1 Qc7 13. e4 dxe4 14. Nxe4 Nxe4 15. Bxe4 e6 16. b4 b6 17. c4 Bb7 18. c5 b5 19. Rad1 a5 20. a3 axb4 21. axb4 Ra4 22. Rb1 Rd8 23. Qc3 Rda8 24. Bc2 Ra3 25. Bb3 Bc8 26. Qb2 Bd7 27. Ra1 Qa7 28. Rab1 h6 29. Ne5 Be8 30. f4 Ra6 31. Qc2 Qc7 32. Qf2 Qd8 33. Red1 R8a7 34. Qe3 Qa8 35. Qd2 Ra1 36. Qb2 Rxb1 37. Rxb1 Bf6 38. Ng4 Bg7 39. Ne5 Kh7 40. Nf3 Qd8 41. Rd1 Qc8 42. Re1 Qa6 43. Rb1 Qa3 44. Qc2 Qxb4 45. Bxe6 Bxd4+ 46. Kh1 Qxb1+ 47. Qxb1 Ra1 48. Qxa1 Bxa1 49. Bb3 Bc3 50. Ne5 Bxe5 51. fxe5 Kg7 52. Kg1 Bd7 53. Kf2 Be6 54. Bc2 Bd5 55. g4 f6 56. exf6+ Kxf6 57. g3 g5 58. Ke3 Ke5 59. Bf5 b4 60. Kd3 b3 61. Kc3 Bf7 62. Bd3 Be6 63. Be2 Ke4 64. Bd1 Ke3 65. Bxb3 Bxb3 66. Kxb3 Kd3 0-1

[Event "Regionalliga NO 1112"]
[Site "Bayern"]
[Date "2012.01.15"]
[Round "5.8"]
[White "Walter, Thomas"]
[Black "Dotzauer, Ernst"]
[Result "1-0"]
[WhiteElo "2045"]
[BlackElo "1859"]
[PlyCount "113"]
[EventDate "2011.10.02"]
[EventType "team-tourn"]
[EventRounds "9"]
[EventCountry "GER"]
[SourceTitle "EXT 2013"]
[Source "ChessBase"]
[SourceDate "2012.11.22"]
[SourceVersion "1"]
[SourceVersionDate "2012.11.22"]
[SourceQuality "1"]
[WhiteTeam "Erlangen"]
[BlackTeam "Schwandorf"]
[WhiteTeamCountry "GER"]
[BlackTeamCountry "GER"]

1. e4 e6 2. d4 d5 3. Nc3 c6 4. Bd3 Nf6 5. Bg5 Be7 6. e5 Nfd7 7. h4 h6 8. Qh5 Nf8 9. Bxe7 Qxe7 10. Nh3 Na6 11. a3 Nc7 12. b4 b6 13. 0-0 Ba6 14. Bxa6 Nxa6 15. b5 Nb8 16. bxc6 Nxc6 17. Nb5 Ng6 18. g3 0-0 19. c3 Na5 20. Nd6 Rab8 21. f4 Nb7 22. Nxb7 Rxb7 23. Rf3 Rc8 24. f5 exf5 25. Qxf5 Qe6 26. Qxe6 fxe6 27. h5 Nf8 28. a4 Rbc7 29. Ra3 Nh7 30. Kf2 a6 31. Ke2 Rc4 32. Kd2 R8c7 33. Rf1 Rb7 34. Rb1 Rc6 35. Rab3 Kf7 36. Rf1+ Kg8 37. Kd3 Rbc7 38. Nf4 Ng5 39. Ng6 Rf7 40. Rbb1 Nh7 41. g4 Rb7 42. Rf2 Rc8 43. Rxb6 Rxc3+ 44. Kxc3 Rxb6 45. Ne7+ Kh8 46. a5 Rb8 47. Rb2 Ra8 48. Nc6 Ng5 49. Rb8+ Rxb8 50. Nxb8 Ne4+ 51. Kb4 Nd2 52. Nxa6 Nc4 53. Nc5 Nxa5 54. Kxa5 g6 55. Nxe6 gxh5 56. gxh5 Kg8 57. Nf4 1-0

[Event "Landesliga Nord 1011"]
[Site "Bayern"]
[Date "2010.11.14"]
[Round "3.8"]
[White "Dotzauer, Ernst"]
[Black "Gerl, Hans Peter"]
[Result "0-1"]
[WhiteElo "1865"]
[BlackElo "1927"]
[PlyCount "98"]
[EventDate "2010.10.10"]
[EventType "team-tourn"]
[EventRounds "9"]
[EventCountry "GER"]
[SourceTitle "EXT 2012"]
[Source "ChessBase"]
[SourceDate "2011.11.24"]
[SourceVersion "1"]
[SourceVersionDate "2011.11.24"]
[SourceQuality "1"]
[WhiteTeam "Schwandorf"]
[BlackTeam "Zirndorf"]
[WhiteTeamCountry "GER"]
[BlackTeamCountry "GER"]

1. d4 Nf6 2. Nf3 b6 3. Bg5 e6 4. e3 Bb7 5. Bd3 Be7 6. Nbd2 d6 7. c3 Nbd7 8. Qc2 0-0 9. 0-0 h6 10. Bh4 c5 11. Rad1 Rc8 12. dxc5 Nxc5 13. Bxf6 Bxf6 14. Ne4 Nxe4 15. Bxe4 Bxe4 16. Qxe4 d5 17. Qd3 Qe7 18. Nd4 g6 19. Ne2 Kh7 20. f4 Qc5 21. Ng3 Bh4 22. Nh5 d4 23. Ng3 Bxg3 24. hxg3 dxe3 25. Qe2 Rcd8 26. Kh1 Rd5 27. Rfe1 Rfd8 28. Rc1 Rd3 29. b4 Qc6 30. Qf3 Qc4 31. Rxe3 Rxe3 32. Qxe3 Qxa2 33. Qg1 Rd5 34. Qe1 Qc4 35. Ra1 Qc7 36. Rc1 b5 37. Qf2 a6 38. Kg1 Qc6 39. Qa7 Rd7 40. Qf2 h5 41. Kh2 Kg7 42. Qe3 Rd5 43. Kg1 Qd6 44. Kh2 Rd3 45. Qf2 Rd2 46. Qf3 Rd3 47. Qe2 h4 48. gxh4 Qxf4+ 49. Kg1 Qxc1+ 0-1

[Event "Regionalliga NO 0607"]
[Site "Bayern"]
[Date "2007.03.18"]
[Round "7.8"]
[White "Dotzauer, Ernst"]
[Black "Behrens, Kai"]
[Result "0-1"]
[WhiteElo "1812"]
[BlackElo "1612"]
[PlyCount "136"]
[EventDate "2006.10.15"]
[EventType "team-tourn"]
[EventRounds "9"]
[EventCountry "GER"]
[SourceTitle "EXT 2008"]
[Source "ChessBase"]
[SourceDate "2007.11.25"]
[SourceVersion "1"]
[SourceVersionDate "2007.11.25"]
[SourceQuality "1"]
[WhiteTeam "Schwandorf"]
[BlackTeam "Kareth Lappersdorf"]
[WhiteTeamCountry "GER"]
[BlackTeamCountry "GER"]

1. d4 f5 2. Nf3 g6 3. Nc3 Bg7 4. e4 fxe4 5. Nxe4 Nf6 6. Bd3 0-0 7. Ng3 d5 8. h3 Nc6 9. c3 e5 10. dxe5 Nd7 11. Bg5 Qe8 12. 0-0 Ndxe5 13. Nxe5 Nxe5 14. Bc2 c6 15. Bb3 Bxh3 16. f4 Bg4 17. Qd2 Nf7 18. Rae1 Qc8 19. Re7 Re8 20. Rfe1 Rxe7 21. Rxe7 Bf8 22. Re1 Nxg5 23. fxg5 Qc7 24. Ne4 Kh8 25. Nf6 Bc5+ 26. Kf1 Qh2 27. Nxg4 Qh1+ 28. Ke2 Qxg2+ 29. Kd1 Qxg4+ 30. Kc1 Rf8 31. Kb1 Rf2 32. Qc1 Re2 33. Rf1 Be3 34. Qd1 Qg2 35. Bc2 Rd2 36. Rf8+ Kg7 37. Qf1 Qxf1+ 38. Rxf1 Bxg5 39. a4 Rg2 40. Bb3 h5 41. c4 Bf6 42. Ka2 Rxb2+ 43. Ka3 Re2 44. a5 Be7+ 45. Ka4 Re4 46. Ba2 d4 47. Rb1 Re2 48. Bb3 d3 49. Rg1 d2 50. Bc2 g5 51. Rd1 Re3 52. Bb3 Rd3 53. Rf1 d1Q 54. Rxd1 Rxd1 55. Bxd1 g4 56. Kb3 g3 57. Bf3 h4 58. Bg2 Kh6 59. Kc3 Kg5 60. Kd3 Kf4 61. Ke2 a6 62. Kf1 Bb4 63. Kg1 Kg4 64. Bf1 h3 65. Be2+ Kf4 66. Bf1 g2 67. c5 Bxc5+ 68. Kh2 g1Q+ 0-1

[Event "Regionalliga NO 0607"]
[Site "Bayern"]
[Date "2006.11.19"]
[Round "3.8"]
[White "Dotzauer, Ernst"]
[Black "Ertl, Daniel"]
[Result "1-0"]
[WhiteElo "1812"]
[BlackElo "1774"]
[PlyCount "63"]
[EventDate "2006.10.15"]
[EventType "team-tourn"]
[EventRounds "9"]
[EventCountry "GER"]
[SourceTitle "EXT 2008"]
[Source "ChessBase"]
[SourceDate "2007.11.25"]
[SourceVersion "1"]
[SourceVersionDate "2007.11.25"]
[SourceQuality "1"]
[WhiteTeam "Schwandorf"]
[BlackTeam "Amberg Siemens"]
[WhiteTeamCountry "GER"]
[BlackTeamCountry "GER"]

1. d4 Nf6 2. Nf3 g6 3. Nc3 c5 4. e4 cxd4 5. Nxd4 d6 6. Bc4 Bg7 7. Be3 0-0 8. f3 Nc6 9. Qd2 Bd7 10. g4 Rc8 11. Bb3 Ne5 12. h4 h5 13. gxh5 Nxh5 14. Bh6 Nc4 15. Bxc4 Rxc4 16. Bxg7 Kxg7 17. 0-0-0 Qa5 18. Rhg1 b5 19. Rg5 Rfc8 20. Rxh5 Rxc3 21. Qh6+ Kf6 22. e5+ dxe5 23. Qg5+ Kg7 24. Qxe5+ f6 25. Qxe7+ Kg8 26. Qh7+ Kf8 27. Qh8+ Ke7 28. Rh7+ Kd6 29. Qxf6+ Kc7 30. Rxd7+ Kb8 31. Qd6+ Ka8 32. Qd5+ 1-0